Okinawa : Some basic facts

Đã lưu trong:
書目詳細資料
格式: 圖書
語言:Undetermined
出版: [Tokyo] Public Information Bureau, Ministry of Foreign Affairs 1969
主題:
標簽: 添加標簽
沒有標簽, 成為第一個標記此記錄!
Thư viện lưu trữ: Trung tâm Học liệu Trường Đại học Cần Thơ
LEADER 00458nam a2200169Ia 4500
001 CTU_111494
008 210402s9999 xx 000 0 und d
082 |a 915.28 
082 |b O.41 
245 0 |a Okinawa : 
245 0 |b Some basic facts 
260 |a [Tokyo] 
260 |b Public Information Bureau, Ministry of Foreign Affairs 
260 |c 1969 
650 |a Ryukyu islands 
904 |i M.Loan 
980 |a Trung tâm Học liệu Trường Đại học Cần Thơ